01156cam a2200313 a 4500001001400000005001700014008004100031020001600072035001700088035004100105035002800146040002500174041001300199044001100212072004700223080002300270100003400293240003000327245017400357250001200531260004700543300002100590490003300611500004400644655002900688700004300717700004500760700003700805vtls00142827720241211090811.0240226s1976 xo gr 000 f slo  q(viazané) aSNK000383273 aB1FCD110-06CE-45B9-8E8B-AE01DA110DAD aurn:nbn:sk:snk-am00ij2f aSNKbslocSNKeAACR21 aslohnor axocSK 7a821.11xGermánske literatúry2konspekt a821.113.5-31220111 aHamsun, Knut,d1859-19524aut10aMarkens GrødelSlovensky10aPožehnanie zemecKnut Hamsun; [z nórskeho originálu preložil K. V. Rypáček, Helena Dobiášová; doslov napísal a chronológiu zostavil Ladislav Obuch] a2. vyd. aBratislavabSlovenský spisovateľc1976 a321 stránc8°1 aKnižnica Nobelových cien aPreložené zo súboru Samlede veker 7anórske romány2SNKPH1 aRypáček, Karel V.,d1885-19574trl1 aDobiášová, Helena,d1935-19904trl1 aObuch, Ladislav,d1926-19814aft